Balance of achievements of 25 years of Hungary's economic development at the beginning of a new era in world economy lecture delivered at the 1982 annual meeting of the Hungarian academy of sciences, on May 7, 1982

Saved in:
Bibliographic Details
Main Author: Bognár, J.
Format: Book
Language:English
Published: Budapest Hungarian scientific council for world economy 1982
Series:Trends in World Economy no. 40
Tags: Add Tag
No Tags, Be the first to tag this record!

MARC

LEADER 00000nam a2200000 4500
001 c138663
005 20041019155313.7
041 0 |a eng 
044 |a HU 
245 1 0 |a Balance of achievements of 25 years of Hungary's economic development at the beginning of a new era in world economy  |b lecture delivered at the 1982 annual meeting of the Hungarian academy of sciences, on May 7, 1982  |c J. Bognár 
264 1 |a Budapest  |b Hungarian scientific council for world economy  |c 1982 
300 |a 25 s. 
490 1 |a Trends in World Economy  |v no. 40 
830 0 |a Trends in World Economy  |v no. 40 
100 1 |a Bognár, J.